Engineering maintenance management / (Record no. 23722)
[ view plain ]
| 000 -LEADER | |
|---|---|
| fixed length control field | 01197pam a2200301 a 4500 |
| 001 - CONTROL NUMBER | |
| control field | 2541301 |
| 003 - CONTROL NUMBER IDENTIFIER | |
| control field | NUST |
| 005 - DATE AND TIME OF LATEST TRANSACTION | |
| control field | 20170613101439.0 |
| 008 - FIXED-LENGTH DATA ELEMENTS--GENERAL INFORMATION | |
| fixed length control field | 940414s1994 nyua b 001 0 eng |
| 010 ## - LIBRARY OF CONGRESS CONTROL NUMBER | |
| LC control number | 94016961 |
| 020 ## - INTERNATIONAL STANDARD BOOK NUMBER | |
| International Standard Book Number | 0824792475 (alk. paper) |
| 040 ## - CATALOGING SOURCE | |
| Original cataloging agency | DLC |
| Transcribing agency | RCMS |
| Modifying agency | DLC |
| 050 00 - LIBRARY OF CONGRESS CALL NUMBER | |
| Classification number | TS192 |
| Item number | .N54 1994 |
| 082 00 - DEWEY DECIMAL CLASSIFICATION NUMBER | |
| Classification number | 658.2/02 NIE |
| Edition number | 20 |
| 100 1# - MAIN ENTRY--PERSONAL NAME | |
| Personal name | Niebel, Benjamin W. |
| 9 (RLIN) | 2476 |
| 245 10 - TITLE STATEMENT | |
| Title | Engineering maintenance management / |
| Statement of responsibility, etc. | Benjamin W. Niebel. |
| 250 ## - EDITION STATEMENT | |
| Edition statement | 2nd ed., rev. and expanded. |
| 260 ## - PUBLICATION, DISTRIBUTION, ETC. | |
| Place of publication, distribution, etc. | New York : |
| Name of publisher, distributor, etc. | M. Dekker, |
| Date of publication, distribution, etc. | c1994. |
| 300 ## - PHYSICAL DESCRIPTION | |
| Extent | viii, 372 p. : |
| Other physical details | ill. ; |
| Dimensions | 24 cm. |
| 440 ## - SERIES STATEMENT/ADDED ENTRY--TITLE | |
| Title | Industrial Engineering /18 |
| 9 (RLIN) | 2477 |
| 490 1# - SERIES STATEMENT | |
| Series statement | Industrial engineering ; |
| Volume/sequential designation | 18 |
| 504 ## - BIBLIOGRAPHY, ETC. NOTE | |
| Bibliography, etc. note | Includes bibliographical references and index. |
| 538 ## - SYSTEM DETAILS NOTE | |
| Display text | Shelf No 1 Row No 4 |
| 650 #0 - SUBJECT ADDED ENTRY--TOPICAL TERM | |
| Topical term or geographic name entry element | Plant maintenance |
| General subdivision | Management. |
| 9 (RLIN) | 2478 |
| 830 #0 - SERIES ADDED ENTRY--UNIFORM TITLE | |
| Uniform title | Industrial engineering ; |
| Volume/sequential designation | v. 18. |
| 9 (RLIN) | 2479 |
| 856 41 - ELECTRONIC LOCATION AND ACCESS | |
| Materials specified | Table of contents only |
| Uniform Resource Identifier | <a href="http://www.loc.gov/catdir/toc/fy0712/94016961.html">http://www.loc.gov/catdir/toc/fy0712/94016961.html</a> |
| 856 42 - ELECTRONIC LOCATION AND ACCESS | |
| Materials specified | Publisher description |
| Uniform Resource Identifier | <a href="http://www.loc.gov/catdir/enhancements/fy0647/94016961-d.html">http://www.loc.gov/catdir/enhancements/fy0647/94016961-d.html</a> |
| 906 ## - LOCAL DATA ELEMENT F, LDF (RLIN) | |
| a | 7 |
| b | cbc |
| c | orignew |
| d | 1 |
| e | ocip |
| f | 19 |
| g | y-gencatlg |
| 942 ## - ADDED ENTRY ELEMENTS (KOHA) | |
| Source of classification or shelving scheme | |
| Koha item type | Book |
| Withdrawn status | Lost status | Source of classification or shelving scheme | Damaged status | Not for loan | Permanent Location | Current Location | Shelving location | Date acquired | Total Checkouts | Full call number | Barcode | Date last seen | Date last checked out | Price effective from | Koha item type |
|---|---|---|---|---|---|---|---|---|---|---|---|---|---|---|---|
| School of Interdisciplinary Engineering and Sciences (SINES) | School of Interdisciplinary Engineering and Sciences (SINES) | General Stacks | 01/02/2014 | 1 | 658.2BEN | RCMS002559 | 10/19/2018 | 10/10/2018 | 01/02/2014 | Book |
